[Event "Novokuznetsk SFO-ch U17"]
[Site "Novokuznetsk"]
[Date "2014.11.07"]
[Round "6"]
[White "Bajyr, Dolaan"]
[Black "Filimonov, Fedor"]
[Result "1-0"]
[WhiteElo "800"]
[BlackElo "700"]
[PlyCount "21"]
[EventDate "2014.11.02"]
[EventType "swiss"]
[EventRounds "9"]
[EventCountry "RUS"]
[SourceTitle "CBM 163 Extra"]
[Source "ChessBase"]
[SourceDate "2014.12.23"]
[SourceVersion "1"]
[SourceVersionDate "2014.12.23"]
[SourceQuality "1"]

1. e4 c5 2. Nf3 d6 3. Nc3 Nc6 4. d4 cxd4 5. Nxd4 Nf6 6. Be3 g6 7. Nd5 Nxd5 8. exd5 Qa5+ 9. Bd2 Qxd5 10. Nb5 Kd8 11. Ba5+ 1-0

[Event "Novokuznetsk SFO-ch U17"]
[Site "Novokuznetsk"]
[Date "2014.11.02"]
[Round "1"]
[White "Shagdurov, Denis"]
[Black "Bajyr, Dolaan"]
[Result "1-0"]
[WhiteElo "1975"]
[BlackElo "800"]
[PlyCount "55"]
[EventDate "2014.11.02"]
[EventType "swiss"]
[EventRounds "9"]
[EventCountry "RUS"]
[SourceTitle "CBM 163 Extra"]
[Source "ChessBase"]
[SourceDate "2014.12.23"]
[SourceVersion "1"]
[SourceVersionDate "2014.12.23"]
[SourceQuality "1"]

1. e4 c5 2. Nf3 Nc6 3. d4 cxd4 4. Nxd4 Nf6 5. Nc3 e5 6. Ndb5 a6 7. Nd6+ Bxd6 8. Qxd6 Qe7 9. Qd1 h6 10. Bd3 0-0 11. 0-0 d6 12. f4 exf4 13. Bxf4 Ne5 14. Nd5 Nxd5 15. exd5 Bg4 16. Qe1 Rfe8 17. Qg3 Nxd3 18. cxd3 Be2 19. Rae1 Qf6 20. Rf2 Qd4 21. Bxh6 Bxd3 22. Rd1 Re2 23. Qxg7+ Qxg7 24. Bxg7 Rxf2 25. Kxf2 Bc4 26. Bf6 Bxa2 27. Rd3 Re8 28. Rh3 1-0